000 00761nam a2200253Ia 4500
003 OSt
005 20220923215921.0
006 a|||||r|||| 00| 0
007 ta
008 220922b |||||||| |||| 00| 0 hin d
024 _a182,827
037 _cTextual
040 _aARTS
_cARTS
_bhin
041 _2hin
_ahin
082 _aO152,1N54x, M5
100 _aझाल्टे, दंगल
245 0 _aरेस कोर्स
246 _aRes korsa
260 _aनई दिल्ली
_b वाणी प्रकाशन
_c1985
300 _a94 पृ.
_ccm.
650 _aहिन्दी साहित्य
_9156264
942 _hO152,1N54x, M5
_cTEXL
_2CC
999 _c336190
_d336190